Movies Quiz

Random Movies or James Bond Quiz

James Bond Film Trivia II Quiz Stats

 Plays Quiz not verified by Sporcle

Challenge
Share
Tweet
Embed
Score 0/40 Timer 16:00
0 Plays Today
Question Answer % Correct
This actor appeared alongside Desmond Llewelyn as his replacement in 'The World is Not Enough', and appeared as Q in 'Die Another Day'.John Cleese
92.6%
Kara Milovy plays which musical instrument?cello
80%
Bond is able to fool Solitaire into sleeping with him when he replaces her tarot deck with a deck that contains duplicates of which card?The Lovers
74.9%
In which film does the villain have a pool of killer piranha?You Only Live Twice
72.6%
Bond strapped to the gold table while a laser slowly creeps toward him is supposed to take place in which country?Switzerland
67.4%
Which songstress' hit 'To Sir With Love' hit #1 on the US pop charts in 1967, before singing a James Bond theme song?Lulu
59.4%
Which character in 'Dr. No' had a son show up in a subsequent film?Quarrel
58.9%
This French agent was a Bond ally in 'Casino Royale' and 'Quantum of Solace'.René Mathis
58.3%
What was the name of the character who ended up dead and painted gold in 'Goldfinger'? (first name needed)Jill Masterson
56.6%
What is the family motto for James Bond's family?Orbis non Sufficit
54.3%
What codename was given to Goldfinger's project to attack Fort Knox?Operation: Grand Slam
52.6%
Which Tony Award winning actor played a henchman known for declaring 'I am invincible!'Alan Cumming
46.9%
Which film included a memorable trip down from Sugarloaf Mountain?Moonraker
45.1%
Geoffrey Keen played which character in six Bond films ('The Spy Who Loved Me' through 'The Living Daylights')?Sir Frederick Gray
42.3%
Pierce Brosnan's first wife, Cassandra Harris, played a 'sacrificial lamb' in which Bond film?For Your Eyes Only
40.6%
In this 2004 film, a cocaine dealer (played by Daniel Craig) is killed by Sidney (played by Ben Whishaw).Layer Cake
38.3%
Famke Janssen and Alan Cumming both appeared in 'GoldenEye'. They also both appeared in the sequel to this 2000 film.X-Men
37.1%
Which actor who played a Bond villain later played a role in the film 'Alien'?Yaphet Kotto
34.9%
What is the only film in which Bond never drives a car?You Only Live Twice
34.9%
This Welsh actor voiced the stuffed hedgehog, Mr. Pricklepants, in the Oscar nominated 'Toy Story 3'.Timothy Dalton
34.9%
Question Answer % Correct
Charles Gray who played Blofeld in 'Diamonds are Forever' and Henderson in 'You Only Live Twice' played 'The Criminologist' in which over-the-top musical film from 1975?The Rocky Horror Picture Show
34.3%
Which film opens with a scene in Prague?Casino Royale
33.7%
Plenty O'Toole was played by which actress?Lana Wood
32.6%
London's Reform Club was used as a filming location in which film?Die Another Day
32%
Reclusive billionaire Willard Whyte was played by which country-western singer and TV personality?Jimmy Dean
32%
Which actor could claim to have played allies of James Bond, Indiana Jones, and Frodo Baggins?John Rhys-Davies
30.3%
Which actor can claim to have played a villain to James Bond, Indiana Jones, and Luke Skywalker?Julian Glover
29.1%
Bernard Lee's 'M' character had what first name? (hint: it starts with 'M')Miles
28.6%
Sean Connery played Pvt. Flanagan in this 1962 film nominated for a Best Picture Oscar. It told the story of the invasion of Normandy.The Longest Day
26.3%
In 'Quantum of Solace', Bond listens in on a meeting of Quantum while attending a production of which opera?Tosca
23.4%
Around which Thai island were scenes from 'The Man WIth the Golden Gun' and 'Tomorrow Never Dies' filmed?Phuket
22.9%
Louis Jourdan who played Kamal Khan in 'Octopussy', was the lead actor in which film that won an Oscar for Best Picture?Gigi
21.7%
Which former cathedral and mosque was a filming location for 'From Russia With Love'Hagia Sophia
20%
In 'Thunderball' Bond is chased through what famous annual street parade in Nassau?Junkanoo
17.1%
The Whyte House in the film 'Diamonds are Forever' was what real hotel?Las Vegas Hilton
17.1%
Sean Connery played Col. Arbuthnot in this 1974 Oscar nominated film that starred Albert Finney (Kincaid in 'Skyfall').Murder on the Orient Express
16.6%
David Hedison, who twice played Felix Leiter in 'Live and Let Die' and 'License to Kill' played the lead role in which 1958 horror classic?The Fly
14.9%
Which 'Live and Let Die' actor was perhaps best known for his commercials for 7-Up soda?Geoffrey Holder
14.3%
Terence Young, who directed three of the first four Bond films, helmed which disastrous 1982 Korean War film?Inchon
13.1%
In 'On Her Majesty's Secret Service', Marc-Ange Draco is the head of what criminal organization?Unione Corse
9.1%

You're not logged in!

Compare scores with friends on all Sporcle quizzes.
OR
Log In

You Might Also Like...

Show Comments

Extras

Top Quizzes Today


Score Distribution

Your Account Isn't Verified!

In order to create a playlist on Sporcle, you need to verify the email address you used during registration. Go to your Sporcle Settings to finish the process.

Report this User

Report this user for behavior that violates our Community Guidelines.

Details: